[Event "BRA-ch Regional Centro Oeste"]
[Site "Brasilia"]
[Date "2016.08.14"]
[Round "6.6"]
[White "Fregona, Adriano Cosme"]
[Black "Rosa, Paulo Estevao"]
[Result "0-1"]
[WhiteElo "1899"]
[BlackElo "1845"]
[PlyCount "134"]
[EventDate "2016.08.12"]
[EventType "swiss"]
[EventRounds "6"]
[EventCountry "BRA"]
[SourceTitle "EXT 2022"]
[Source "ChessBase"]
[SourceDate "2021.10.06"]
[SourceVersion "1"]
[SourceVersionDate "2021.10.06"]
[SourceQuality "1"]

1. d4 Nf6 2. Nf3 e6 3. c4 c5 4. Nc3 a6 5. d5 exd5 6. Nxd5 Nxd5 7. Qxd5 Be7 8. e3 Nc6 9. Bd2 0-0 10. Be2 d6 11. Bc3 Bf6 12. Qd2 Qe7 13. 0-0 Bg4 14. Rad1 Rad8 15. a3 Bxc3 16. Qxc3 Ne5 17. Rd5 Qf6 18. Nxe5 Bxe2 19. Re1 Bh5 20. Nd3 Qxc3 21. bxc3 Bg6 22. f3 f6 23. Nb2 Bf7 24. Rd2 Rfe8 25. Kf2 Kf8 26. Red1 Ke7 27. e4 Rd7 28. h3 Rb8 29. Na4 b6 30. Nb2 b5 31. Nd3 Rbb7 32. cxb5 Rxb5 33. a4 Rbb7 34. f4 Bb3 35. Ra1 Bc4 36. Ke3 Rb3 37. Rc2 Rdb7 38. g4 Rb1 39. Rc1 Bxd3 40. Kxd3 Rxc1 41. Rxc1 Rb2 42. f5 Kd7 43. h4 Rg2 44. Rb1 Kc7 45. Kc4 Rxg4 46. Kd5 g6 47. a5 Rxh4 48. Rb6 gxf5 49. exf5 Rh3 50. Rxa6 Rd3+ 51. Ke6 Rxc3 52. Kxf6 h5 53. Ra7+ Kc6 54. a6 c4 55. Rh7 Ra3 56. a7 c3 57. Rxh5 Rxa7 58. Rh3 Ra3 59. Ke6 c2 60. Rh1 Re3+ 61. Kf6 d5 62. Rc1 Re2 63. Kf7 Kd7 64. Kg8 d4 65. f6 Rg2+ 66. Kf8 Rf2 67. Kg8 d3 0-1